000 00532nam a22001937a 4500
003 KOHA_MİRAKIL
005 20240930101031.0
008 240929b2022 tu ||||| |||| 00| 0 tur d
020 _a9786258404289
040 _aTR-AnABB
_btur
_cTR-AnABB
041 _atur
082 _a811.42
_bALK 2022
100 _aAlkan, Servet.
245 0 _aGokko :
_biki kiraz öteye git /
_cServet Alkan.
260 _aAnkara :
_bİzan Yayıncılık,
_c2022.
300 _a166 sayfa ;
_c20 cm.
650 _aTürk edebiyatı, şiir
942 _2ddc
_cBK
999 _c2896
_d2896